MARC

LEADER 00000nam0a2200000 4500
001 125140
005 20231031131236.0
010 |a 5282000164 
020 |a RU  |b 90-54306 
035 |a (RuTPU)RU\TPU\book\135415 
090 |a 125140 
100 |a 20071110d1990 k a0rusy5003 ca 
101 0 |a rus 
102 |a RU 
105 |a y g 001zy 
200 1 |a Экономика и управление в отраслевых НТО  |e справочное пособие  |f под ред. А. К. Казанцева, П. Н. Завлина 
210 |a Москва  |c Экономика  |d 1990 
215 |a 446,[1] с.  |d 21 см 
320 |a Библиогр. в конце разделов 
320 |a Предм. указ.: с. 441-444. 
606 1 |a Научно-исследовательская работа  |2 stltpush  |3 (RuTPU)RU\TPU\subj\45140 
610 1 |a экономика 
610 1 |a наука 
610 1 |a планирование 
610 1 |a организация 
610 1 |a опытное производство 
610 1 |a себестоимость 
610 1 |a финансы 
610 1 |a эффективность 
610 1 |a материально-техническое обеспечение 
610 1 |a информационное обеспечение 
610 1 |a автоматизированные системы 
610 1 |a внешнеэкономическая деятельность 
610 1 |a опытно-конструкторские работы 
686 |a Ч215  |2 rubbk 
702 1 |a Казанцев  |b А. К.  |g Анатолий Константинович  |4 340 
702 1 |a Завлин  |b П. Н.  |g Павел Наумович  |4 340 
801 0 |a RU  |b RuMRKP  |c 19950417  |g psbo 
801 1 |a RU  |b 63413507  |c 20071110  |g PSBO 
801 2 |a RU  |b 63413507  |c 20191128  |g PSBO 
942 |c BK